MARC details
| 000 -LEADER |
| fixed length control field |
03084cam a22004815i 4500 |
| 001 - CONTROL NUMBER |
| control field |
013188214 |
| 003 - CONTROL NUMBER IDENTIFIER |
| control field |
Uk |
| 005 - DATE AND TIME OF LATEST TRANSACTION |
| control field |
20190211115551.0 |
| 008 - FIXED-LENGTH DATA ELEMENTS--GENERAL INFORMATION |
| fixed length control field |
981120s 2007enka frf 001 0 eng d |
| 015 ## - |
| -- |
GBA537491 |
| -- |
bnb |
| 016 7# - |
| -- |
013188214 |
| -- |
Uk |
| 020 ## - INTERNATIONAL STANDARD BOOK NUMBER |
| International Standard Book Number |
9780470021774 (v. 9) |
| 020 ## - INTERNATIONAL STANDARD BOOK NUMBER |
| International Standard Book Number |
0470021772 (v. 9) |
| 040 ## - CATALOGING SOURCE |
| Original cataloging agency |
Uk |
| Language of cataloging |
eng |
| Transcribing agency |
Uk |
| Modifying agency |
Uk |
| -- |
EG-ScBUE |
| 082 04 - DEWEY DECIMAL CLASSIFICATION NUMBER |
| Classification number |
547.2 |
| Edition number |
22 |
| Item number |
HAN |
| 245 00 - TITLE STATEMENT |
| Title |
Handbook of reagents for organic synthesis : |
| Remainder of title |
fluorine-containing reagents / |
| Statement of responsibility, etc |
edited by Leo A. Paquette. |
| 264 #1 - PUBLICATION, DISTRIBUTION, ETC. (IMPRINT) |
| Place of publication, distribution, etc |
West Sussex, England : |
| Name of publisher, distributor, etc |
John Wiley & Sons Ltd, |
| Date of publication, distribution, etc |
c.2007. |
| 300 ## - PHYSICAL DESCRIPTION |
| Extent |
xi, 712 pages : |
| Other physical details |
illustrations ; |
| Dimensions |
29 cm. |
| 336 ## - CONTENT TYPE |
| Content type term |
text |
| Source |
rdacontent |
| 337 ## - MEDIA TYPE |
| Media type term |
unmediated |
| Source |
rdamedia |
| 338 ## - CARRIER TYPE |
| Carrier type term |
volume |
| Source |
rdacarrier |
| 504 ## - BIBLIOGRAPHY, ETC. NOTE |
| Bibliography, etc |
Includes bibliographical references and indexes. |
| 505 1# - FORMATTED CONTENTS NOTE |
| Formatted contents note |
[1]. Reagents, auxiliaries, and catalysts for C-C bond formation / edited by Robert M. Coates and Scott E. Denmark -- [2]. Oxidizing and reducing agents / edited by Steven D. Burke and Rick L. Danheiser -- [3]. Acidic and basic reagents / edited by Hans J. Reich and James H. Rigby -- [4]. Activating agents and protecting groups / edited by Anthony J. Pearson and William R. Roush -- [5]. Chiral reagents for asymmetric synthesis / edited by Leo A. Paquette -- [6]. Reagents for high-throughput solid-phase and solution-phase organic synthesis / edited by Peter Wipf -- [7]. Reagents for glycosides, nucleotide and peptide synthesis / edited by David Crich -- [8]. Reagents for direct functionalization of C-H bonds /edited by Philip L. Fuchs -- [9]. Fluorine-containing reagents / edited by Leo A. Paquette -- [10]. Catalyst components for coupling reactions / edited by Gary Molander -- [11]. Reagents for radical and radical ion chemistry / edited by David Crich -- [12]. Sulfur-containing reagents -- [13]. Reagents for silicon-mediated organic synthesis / edited by Philip L. Fuchs -- [14]. Catalytic oxidation reagents / edited by Philip L. Fuchs. |
| 650 #7 - SUBJECT ADDED ENTRY--TOPICAL TERM |
| Topical term or geographic name as entry element |
Chemical tests and reagents. |
| Source of heading or term |
BUEsh |
| 9 (RLIN) |
41976 |
| 650 #7 - SUBJECT ADDED ENTRY--TOPICAL TERM |
| Topical term or geographic name as entry element |
Organic compounds |
| General subdivision |
Synthesis. |
| Source of heading or term |
BUEsh |
| 9 (RLIN) |
41977 |
| 653 ## - INDEX TERM--UNCONTROLLED |
| Resource For college |
Engineering, Chemical |
| Arrived date list |
February2019 |
| 740 02 - ADDED ENTRY--UNCONTROLLED RELATED/ANALYTICAL TITLE |
| Uncontrolled related/analytical title |
Reagents, auxiliaries, and catalysts for C-C bond formation. |
| 740 02 - ADDED ENTRY--UNCONTROLLED RELATED/ANALYTICAL TITLE |
| Uncontrolled related/analytical title |
Oxidizing and reducing agents. |
| 740 02 - ADDED ENTRY--UNCONTROLLED RELATED/ANALYTICAL TITLE |
| Uncontrolled related/analytical title |
Acidic and basic reagents. |
| 740 02 - ADDED ENTRY--UNCONTROLLED RELATED/ANALYTICAL TITLE |
| Uncontrolled related/analytical title |
Activating agents and protecting groups. |
| 740 02 - ADDED ENTRY--UNCONTROLLED RELATED/ANALYTICAL TITLE |
| Uncontrolled related/analytical title |
Chiral reagents for asymmetric synthesis. |
| 740 02 - ADDED ENTRY--UNCONTROLLED RELATED/ANALYTICAL TITLE |
| Uncontrolled related/analytical title |
Reagents for high-throughput solid-phase and solution-phase organic synthesis. |
| 740 02 - ADDED ENTRY--UNCONTROLLED RELATED/ANALYTICAL TITLE |
| Uncontrolled related/analytical title |
Reagents for glycosides, nucleotide and peptide synthesis. |
| 740 02 - ADDED ENTRY--UNCONTROLLED RELATED/ANALYTICAL TITLE |
| Uncontrolled related/analytical title |
Reagents for direct functionalization of C-H bonds. |
| 740 02 - ADDED ENTRY--UNCONTROLLED RELATED/ANALYTICAL TITLE |
| Uncontrolled related/analytical title |
Fluorine-containing reagents. |
| 740 02 - ADDED ENTRY--UNCONTROLLED RELATED/ANALYTICAL TITLE |
| Uncontrolled related/analytical title |
Catalyst components for coupling reactions. |
| 740 02 - ADDED ENTRY--UNCONTROLLED RELATED/ANALYTICAL TITLE |
| Uncontrolled related/analytical title |
Reagents for radical and radical ion chemistry. |
| 740 02 - ADDED ENTRY--UNCONTROLLED RELATED/ANALYTICAL TITLE |
| Uncontrolled related/analytical title |
Sulfur-containing reagents. |
| 740 02 - ADDED ENTRY--UNCONTROLLED RELATED/ANALYTICAL TITLE |
| Uncontrolled related/analytical title |
Reagents for silicon-mediated organic synthesis. |
| 740 02 - ADDED ENTRY--UNCONTROLLED RELATED/ANALYTICAL TITLE |
| Uncontrolled related/analytical title |
Catalytic oxidation reagents. |
| 856 4# - ELECTRONIC LOCATION AND ACCESS |
| Materials specified |
Table of Contents |
| Uniform Resource Identifier |
<a href="http://www.loc.gov/catdir/toc/onix05/98053088.html">http://www.loc.gov/catdir/toc/onix05/98053088.html</a> |
| 942 ## - ADDED ENTRY ELEMENTS (KOHA) |
| Source of classification or shelving scheme |
Dewey Decimal Classification |
| Koha item type |
Book - Borrowing |